000 00443nam a2200145Ia 4500
008 230917s9999||||xx |||||||||||||| ||und||
040 _e41902
_aMAIN
041 _aEnglish
082 _a820.9 G87C
100 _aGrierson, H J C
245 0 _aCross currents in English literature of the 17th century or the world, the flesh and the spirit; their actions & reactions
260 _aMiddlesex
_bPenguin
_c1966
300 _a320 p.
942 _cBK
999 _c217665
_d217665